00439nam a2200181Ia 4500008004100000020001800041050001400059100001900073245002700092245001900119260001500138260003300153260000900186300001600195300002700211300001000238500000900248170918s9999 xx 000 0 und d a9781416978084 bM216 2009 aMahy, Margaret 4aThe magician of hoad / cMargaret Mahy. aNew York : bMargaret K. McElderly Books, c2009 a411 pages : bcolored illustration ; c21cm. a1010